000 01022nac a22002657a 4500
001 BR1900008
003 BR-BrBNA
005 20240105112752.0
008 230509b bl.|||m| |||| 00| 0 por d
040 _aBR-BrBNA
_bpor
_cBiblioteca Nacional de Agricultura
072 _aE10; E70
090 _aE10 BR1900008
110 1 _aSecretaria de Estado dos Negocios da Agricultura, Commercio e Obras Publicas do Estado de Sao Paulo, Sao Paulo (Brasil)
_98941
245 1 _aRelatorio, anno de 1918 [Secretaria de Estado dos Negocios da Agricultura, Commercio e obras Publicas do Estado de Sao Paulo, Brasil]
260 3 _aSao Paulo, SP (Brasil):
_c1919.
300 _a331 p.
490 _aRelatorio - Secretaria de Estado dos Negocios da Agricultura, Commercio e Obras Publicas do Estado de Sao Paulo (Brazil)
_v
_x
650 _aAGRICULTURA
650 _aINDUSTRIA
650 _aCOLONIZACAO
650 _aTRANSPORTE
650 _aSAO PAULO
909 _a202312
_bLúcia Elande
_c55
_dLúcia Elande
942 _2AGRIS
_n0
_cMS
999 _c260223
_d260223